<?xml version="1.0" encoding="UTF-8"?><?xml-stylesheet type="text/xsl" href="static/style.xsl"?><OAI-PMH xmlns="http://www.openarchives.org/OAI/2.0/" xmlns:xsi="http://www.w3.org/2001/XMLSchema-instance" xsi:schemaLocation="http://www.openarchives.org/OAI/2.0/ http://www.openarchives.org/OAI/2.0/OAI-PMH.xsd"><responseDate>2026-06-29T02:40:41Z</responseDate><request verb="GetRecord" identifier="oai:docta.ucm.es:20.500.14352/116422" metadataPrefix="marc">https://docta.ucm.es/rest/oai/request</request><GetRecord><record><header><identifier>oai:docta.ucm.es:20.500.14352/116422</identifier><datestamp>2025-07-31T15:37:57Z</datestamp><setSpec>com_20.500.14352_14</setSpec><setSpec>col_20.500.14352_15</setSpec></header><metadata><record xmlns="http://www.loc.gov/MARC21/slim" xmlns:dcterms="http://purl.org/dc/terms/" xmlns:xsi="http://www.w3.org/2001/XMLSchema-instance" xmlns:doc="http://www.lyncode.com/xoai" xsi:schemaLocation="http://www.loc.gov/MARC21/slim http://www.loc.gov/standards/marcxml/schema/MARC21slim.xsd">
   <leader>00925njm 22002777a 4500</leader>
   <datafield ind2=" " ind1=" " tag="042">
      <subfield code="a">dc</subfield>
   </datafield>
   <datafield ind2=" " ind1=" " tag="720">
      <subfield code="a">Romero Morales, Carlos</subfield>
      <subfield code="e">author</subfield>
   </datafield>
   <datafield ind2=" " ind1=" " tag="720">
      <subfield code="a">Martín Llantino, Pedro Javier</subfield>
      <subfield code="e">author</subfield>
   </datafield>
   <datafield ind2=" " ind1=" " tag="720">
      <subfield code="a">Calvo Lobo, César</subfield>
      <subfield code="e">author</subfield>
   </datafield>
   <datafield ind2=" " ind1=" " tag="720">
      <subfield code="a">Sánchez Gómez, Rubén</subfield>
      <subfield code="e">author</subfield>
   </datafield>
   <datafield ind2=" " ind1=" " tag="720">
      <subfield code="a">López López, Daniel</subfield>
      <subfield code="e">author</subfield>
   </datafield>
   <datafield ind2=" " ind1=" " tag="720">
      <subfield code="a">Pareja Galeano, Helios</subfield>
      <subfield code="e">author</subfield>
   </datafield>
   <datafield ind2=" " ind1=" " tag="720">
      <subfield code="a">Rodríguez Sanz, David</subfield>
      <subfield code="e">author</subfield>
   </datafield>
   <datafield ind2=" " ind1=" " tag="260">
      <subfield code="c">2019</subfield>
   </datafield>
   <datafield ind2=" " ind1=" " tag="520">
      <subfield code="a">Aim: The purpose of the present study was to compare and quantify with ultrasound imaging (USI) the extensor digitorum longus (EDL), tibialis anterior (TA) and peroneus muscles (PER) muscle thickness and cross-sectional area (CSA) between chronic non-insertional Achilles tendinopathy (AT) and healthy subjects.

Methods: a sample of 143 individuals was recruited and divided in two groups: chronic non-insertional AT group (n = 71) and a healthy group (n = 72). The thickness and CSA were assessment by USI for EDL, TA and PER muscles in both groups.

Results: The thickness evaluation for the TA muscle increased showing statistically significant differences (P = 0.018) as well as for the thickness of the PER muscles significant differences (P = 0.001) were observed in favor the tendinopathy group. The CSA measurements showed statistically significant differences for a decrease in EDL (P = 0.000), TA (P = 0.001) and PER muscles (P = 0.011) for the tendinopathy group with respect to the control group.

Conclusions: The CSA of the EDL, TA and PER muscles is reduced in participants with chronic non-insertional AT. The thickness for TA muscle is increased as well as a decrease of PER muscles thickness is presented for the AT group with respect to the control group.</subfield>
   </datafield>
   <datafield ind1="8" ind2=" " tag="024">
      <subfield code="a">Romero-Morales, Carlos, et al. «Ultrasound Evaluation of Extrinsic Foot Muscles in Patients with Chronic Non-Insertional Achilles Tendinopathy: A Case-Control Study». Physical Therapy in Sport, vol. 37, mayo de 2019, pp. 44-48. DOI.org (Crossref), https://doi.org/10.1016/j.ptsp.2019.02.006.</subfield>
   </datafield>
   <datafield ind1="8" ind2=" " tag="024">
      <subfield code="a">1466-853X</subfield>
   </datafield>
   <datafield ind1="8" ind2=" " tag="024">
      <subfield code="a">10.1016/j.ptsp.2019.02.006</subfield>
   </datafield>
   <datafield ind1="8" ind2=" " tag="024">
      <subfield code="a">https://hdl.handle.net/20.500.14352/116422</subfield>
   </datafield>
   <datafield ind1="8" ind2=" " tag="024">
      <subfield code="a">1873-1600</subfield>
   </datafield>
   <datafield ind1="8" ind2=" " tag="024">
      <subfield code="a">https://doi.org/10.1016/j.ptsp.2019.02.006</subfield>
   </datafield>
   <datafield ind2="0" ind1="0" tag="245">
      <subfield code="a">Ultrasound evaluation of extrinsic foot muscles in patients with chronic non-insertional Achilles tendinopathy: A case-control study</subfield>
   </datafield>
</record></metadata></record></GetRecord></OAI-PMH>